Valor pedagógico del recreo
Na minha lista:
| Autor principal: | |
|---|---|
| Formato: | Livro |
| Idioma: | espanhol |
| Publicado em: |
Bogotá
Magisterio
1995
|
| Colecção: | Colección Aula Alegre
|
| Assuntos: | |
| Tags: |
Adicionar Tag
Sem tags, seja o primeiro a adicionar uma tag!
|
MARC
| LEADER | 00000nam a2200000 a 4500 | ||
|---|---|---|---|
| 001 | UCS1878 | ||
| 003 | CL-VaPUC | ||
| 008 | 970516e19950000CK |||||||||||||||||spa|d | ||
| 082 | 0 | 4 | |a 371.89 |b GOM |2 21 |
| 100 | |a Gómez Restrepo, Humberto |e author |9 386736 | ||
| 245 | 1 | 0 | |a Valor pedagógico del recreo |
| 300 | |a 95 p | ||
| 942 | |c BK | ||
| 945 | |d 19970516 00:00:00 |a amoreno | ||
| 260 | |a Bogotá |b Magisterio |c 1995 | ||
| 650 | 7 | |a RECREO |2 CL-VaPUC |9 359050 | |
| 650 | 0 | |a Pedagogía |9 255351 | |
| 650 | 7 | |a PSICOMOTRICIDAD |2 CL-VaPUC |9 241072 | |
| 650 | 0 | |a Cultura |9 269059 | |
| 650 | 0 | |a Juegos |9 243060 | |
| 650 | 0 | |a Metodología |9 256610 | |
| 650 | 0 | |a Cuentos |9 308079 | |
| 650 | 0 | |a Educación |9 258661 | |
| 583 | |a last modification |c 19970516 00:00:00 |k Rodrigo Vera | ||
| 490 | 0 | |a Colección Aula Alegre | |
| 999 | |c 259907 |d 259905 | ||
| 952 | |0 0 |1 0 |4 0 |6 371_890000000000000_GOM_1995 |7 0 |8 P |9 285421 |a BIBEDU |b BIBEDU |c BIBEDU_PB |d 2019-11-19 |i 3299376 |o 371.89 GOM 1995 |p 3299376 |r 2024-01-25 |w 2019-11-19 |y BK |k EDU | ||
| 952 | |0 0 |1 0 |4 0 |6 371_890000000000000_GOM_1995 |7 0 |8 P |9 285422 |a BIBEDU |b BIBEDU |c BIBEDU_PB |d 2019-11-19 |i 332107K |o 371.89 GOM 1995 |p 332107K |r 2024-01-25 |w 2019-11-19 |y BK |k EPE | ||